30 jeux vidéo à compléter - 2024 - Statistiques

Statistiques générales
  • Ce quiz a été pris 44 fois
  • Le résultat moyen est 14 sur 30
Statistiques - réponses
Hint Réponse % Correct
... Bot Astro
83%
Indiana Jones et le ... Ancien Cercle
80%
... Hill 2 Silent
80%
Black Myth: ... Wukong
68%
Final Fantasy VII: ... Rebirth
63%
The Legend of Zelda: Echoes of ... Wisdom
63%
...divers II Hell
60%
Super Mario Party ... Jamboree
60%
Star Wars ... Outlaws
60%
... Balatro
58%
... 8 Tekken
58%
Prince of Persia: The Lost ... Crown
53%
Warhammer 40,000: ... Marine 2 Space
53%
Dragon's ... 2 Dogma
50%
Dragon Ball: ...! Zero Sparking
50%
Thank ... You're Here! Goodness
48%
...world Pal
48%
Rise of the ... Rōnin
45%
Elden Ring: ... of the Erdtree Shadow
45%
Another ...'s Treasure Crab
40%
The ... of the Golden Idol Rise
35%
...: ReFantazio Metaphor
33%
...washing Mouth
33%
V ... Rising
33%
... Blade Stellar
33%
Shogun ... Showdown
25%
Like a Dragon: ... Wealth Infinite
23%
Lorelei and the ... Eyes Laser
23%
Nine ... Sols
23%
Animal ... Well
20%
Aucun quiz correspondant
Distribution des résultats
% des personnes avec chaque résultat
Percentile par nombre de réponses
Votre historique - résultats
Vous n’avez pas pris ce quiz